Prácticas y reflexiones para la prevención de la violencia /

Dades bibliogràfiques
Altres autors: Puente de Camaño, Olga (compilador), López, Adriana (compilador)
Format: Llibre
Idioma:Spanish
Publicat: Córdoba: Encuentro Grupo Editor, 2017.
Edició:Primera edición.
Matèries:

MARC

LEADER 00000nam a2200000 i 4500
003 Ucuenca
005 20240103062714.0
006 a||||gr||||a001 0
007 ta
008 200102s2017 ag gr||||a001 0 spa a
020 |a 978-987-1432-50-9 
040 |a UCuenca-cdrjbv  |b spa  |c Ucuenca  |e rda 
041 0 |a spa 
082 0 |2 22  |a 303.6  |c 29454376 
245 0 0 |a Prácticas y reflexiones para la prevención de la violencia /   |c Olga Puente de Camaño y Adriana López, compiladoras. 
250 |a Primera edición. 
264 1 |a Córdoba:   |b Encuentro Grupo Editor,   |c 2017. 
300 |a 171 páginas:   |c 23 cm 
336 |2 rdacontent  |a texto  |b txt 
337 |2 rdamedia  |a no mediado  |b n 
338 |2 rdacarrier  |a volumen  |b nc 
504 |a incl. bibind. 
505 1 |a Las prácticas pre-profesionales en el contexto de la Psicología Jurídica. Olga Camaño -- Aportes a la prevención de la violencia en la formación de estudiantes de psicología. Federico Blanc, Carmen Cecilia Ferrer, Adriana López, Silvia Mierez, Diana Scorza -- Asistencia a las víctimas de delitos tratamiento victimológico. Mirta Yocco -- La recepción como un dispositivo de encuentro con los sujetos: una mirada de la salud mental desde la perspectiva de los derechos. Clarisa Carraro, Alejandra Campanille, Cecilia Díaz Vélez, Ivette Gómez, Virginia Gutiérrez, Martha Moreno, Cristina Tinnacher -- Patologías del acto y política del síntoma en Lelikelen. Pablo Suen.  
650 1 7 |2 Ucuenca-cdrjbv  |9 40713  |a Conflictos 
650 1 7 |2 Ucuenca-cdrjbv  |9 39268  |a Violencia doméstica 
650 1 7 |a Problemas sociales  |9 322 
700 1 |a Puente de Camaño, Olga.  |e compilador  |9 240949 
700 1 |9 155721  |a López, Adriana.  |e compilador 
942 |2 ddc  |c BK  |z luis.lescanob@ucuenca.edu.ec  |r erika.idrovos@ucuenca.edu.ec 
999 |c 158572  |d 158572